Organic chemistry. (Record no. 8045)
[ view plain ]
| 000 -LEADER | |
|---|---|
| fixed length control field | 01324cam a2200337 a 4500 |
| 001 - CONTROL NUMBER | |
| control field | 3090415 |
| 003 - CONTROL NUMBER IDENTIFIER | |
| control field | OSt |
| 005 - DATE AND TIME OF LATEST TRANSACTION | |
| control field | 20210930134303.0 |
| 008 - FIXED-LENGTH DATA ELEMENTS--GENERAL INFORMATION | |
| fixed length control field | 980925s2000 nyua 001 0 eng |
| 010 ## - LIBRARY OF CONGRESS CONTROL NUMBER | |
| LC control number | 98046357 |
| 020 ## - INTERNATIONAL STANDARD BOOK NUMBER | |
| International Standard Book Number | 0471190950 (acidfree paper) |
| 020 ## - INTERNATIONAL STANDARD BOOK NUMBER | |
| International Standard Book Number | 0555117979 (computer disc) |
| 035 ## - SYSTEM CONTROL NUMBER | |
| System control number | (DLC) 98046357 |
| 040 ## - CATALOGING SOURCE | |
| Original cataloging agency | DLC |
| Transcribing agency | hu |
| Modifying agency | DLC |
| 050 00 - LIBRARY OF CONGRESS CALL NUMBER | |
| Classification number | QD253 |
| Item number | .S65 2000 |
| 082 00 - DEWEY DECIMAL CLASSIFICATION NUMBER | |
| Classification number | 547 |
| Edition number | 21 |
| 100 1# - MAIN ENTRY--PERSONAL NAME | |
| Personal name | Solomons, T. W. Graham. |
| 9 (RLIN) | 8680 |
| 245 10 - TITLE STATEMENT | |
| Title | Organic chemistry. |
| 250 ## - EDITION STATEMENT | |
| Edition statement | 7th ed. / |
| Remainder of edition statement | T.W. Graham Solomons, Craig B. Fryhle. |
| 260 ## - PUBLICATION, DISTRIBUTION, ETC. | |
| Place of publication, distribution, etc. | New York : |
| Name of publisher, distributor, etc. | Wiley, |
| Date of publication, distribution, etc. | c2000. |
| 300 ## - PHYSICAL DESCRIPTION | |
| Extent | 1 v. (various pagings) ;1258 |
| Other physical details | ill. (some col.) ; |
| Dimensions | 27 cm. + |
| Accompanying material | 1 computer laser optical disc (4 3/4 in.) |
| 500 ## - GENERAL NOTE | |
| General note | Includes index. |
| 538 ## - SYSTEM DETAILS NOTE | |
| System details note | System requirements for accompanying computer disc: Windows and Macintosh. |
| 650 #0 - SUBJECT ADDED ENTRY--TOPICAL TERM | |
| Topical term or geographic name entry element | Chemistry, Organic. |
| 9 (RLIN) | 2014 |
| 700 1# - ADDED ENTRY--PERSONAL NAME | |
| Personal name | Fryhle, Craig B. |
| 9 (RLIN) | 8681 |
| 856 4# - ELECTRONIC LOCATION AND ACCESS | |
| Materials specified | Table of Contents |
| Uniform Resource Identifier | <a href="http://www.loc.gov/catdir/toc/onix01/98046357.html">http://www.loc.gov/catdir/toc/onix01/98046357.html</a> |
| 856 42 - ELECTRONIC LOCATION AND ACCESS | |
| Materials specified | Publisher description |
| Uniform Resource Identifier | <a href="http://www.loc.gov/catdir/enhancements/fy0706/98046357-d.html">http://www.loc.gov/catdir/enhancements/fy0706/98046357-d.html</a> |
| 906 ## - LOCAL DATA ELEMENT F, LDF (RLIN) | |
| a | 7 |
| b | cbc |
| c | orignew |
| d | 1 |
| e | ocip |
| f | 19 |
| g | y-gencatlg |
| 942 ## - ADDED ENTRY ELEMENTS (KOHA) | |
| Source of classification or shelving scheme | Dewey Decimal Classification |
| Koha item type | Books like text book referance book |
| Suppress in OPAC | No |
| Withdrawn status | Lost status | Source of classification or shelving scheme | Damaged status | Not for loan | Collection code | Home library | Current library | Shelving location | Date acquired | Total Checkouts | Full call number | Barcode | Date last seen | Copy number | Price effective from | Koha item type |
|---|---|---|---|---|---|---|---|---|---|---|---|---|---|---|---|---|
| Dewey Decimal Classification | Reference | Wondo Genet Library | Wondo Genet Library | General Stacks | 09/30/2021 | 547 SOL 2000 | WGCFNRL00002607 | 09/30/2021 | 1 | 09/30/2021 | Books like text book referance book | |||||
| Dewey Decimal Classification | Reference | Wondo Genet Library | Wondo Genet Library | General Stacks | 09/30/2021 | 547 SOL 2000 | WGCFNRL00002608 | 09/30/2021 | 2 | 09/30/2021 | Books like text book referance book | |||||
| Dewey Decimal Classification | Reference | Wondo Genet Library | Wondo Genet Library | General Stacks | 09/30/2021 | 547 SOL 2000 | WGCFNRL00002609 | 09/30/2021 | 3 | 09/30/2021 | Books like text book referance book | |||||
| Dewey Decimal Classification | Reference | Wondo Genet Library | Wondo Genet Library | General Stacks | 09/30/2021 | 547 SOL 2000 | WGCFNRL00002610 | 09/30/2021 | 4 | 09/30/2021 | Books like text book referance book | |||||
| Dewey Decimal Classification | Reference | Wondo Genet Library | Wondo Genet Library | General Stacks | 09/30/2021 | 547 SOL 2000 | WGCFNRL00002611 | 09/30/2021 | 5 | 09/30/2021 | Books like text book referance book | |||||
| Dewey Decimal Classification | Reference | Wondo Genet Library | Wondo Genet Library | General Stacks | 09/30/2021 | 547 SOL 2000 | WGCFNRL00002612 | 09/30/2021 | 6 | 09/30/2021 | Books like text book referance book | |||||
| Dewey Decimal Classification | Reference | Wondo Genet Library | Wondo Genet Library | General Stacks | 09/30/2021 | 547 SOL 2000 | WGCFNRL00002613 | 09/30/2021 | 7 | 09/30/2021 | Books like text book referance book | |||||
| Dewey Decimal Classification | Reference | Wondo Genet Library | Wondo Genet Library | General Stacks | 09/30/2021 | 547 SOL 2000 | WGCFNRL00002614 | 09/30/2021 | 8 | 09/30/2021 | Books like text book referance book | |||||
| Dewey Decimal Classification | Reference | Wondo Genet Library | Wondo Genet Library | General Stacks | 09/30/2021 | 547 SOL 2000 | WGCFNRL00002615 | 09/30/2021 | 9 | 09/30/2021 | Books like text book referance book | |||||
| Dewey Decimal Classification | Reference | Wondo Genet Library | Wondo Genet Library | General Stacks | 09/30/2021 | 547 SOL 2000 | WGCFNRL00002616 | 09/30/2021 | 10 | 09/30/2021 | Books like text book referance book | |||||
| Dewey Decimal Classification | Reference | Wondo Genet Library | Wondo Genet Library | General Stacks | 09/30/2021 | 547 SOL 2000 | WGCFNRL00002617 | 09/30/2021 | 11 | 09/30/2021 | Books like text book referance book | |||||
| Dewey Decimal Classification | Reference | Wondo Genet Library | Wondo Genet Library | General Stacks | 09/30/2021 | 547 SOL 2000 | WGCFNRL00002618 | 09/30/2021 | 12 | 09/30/2021 | Books like text book referance book | |||||
| Dewey Decimal Classification | Reference | Wondo Genet Library | Wondo Genet Library | General Stacks | 09/30/2021 | 547 SOL 2000 | WGCFNRL00002619 | 09/30/2021 | 13 | 09/30/2021 | Books like text book referance book | |||||
| Dewey Decimal Classification | Reference | Wondo Genet Library | Wondo Genet Library | General Stacks | 09/30/2021 | 547 SOL 2000 | WGCFNRL00002620 | 09/30/2021 | 14 | 09/30/2021 | Books like text book referance book | |||||
| Dewey Decimal Classification | Reference | Wondo Genet Library | Wondo Genet Library | General Stacks | 09/30/2021 | 547 SOL 2000 | WGCFNRL00002621 | 09/30/2021 | 15 | 09/30/2021 | Books like text book referance book | |||||
| Dewey Decimal Classification | Reference | Wondo Genet Library | Wondo Genet Library | General Stacks | 09/30/2021 | 547 SOL 2000 | WGCFNRL00002622 | 09/30/2021 | 16 | 09/30/2021 | Books like text book referance book | |||||
| Dewey Decimal Classification | Reference | Wondo Genet Library | Wondo Genet Library | General Stacks | 09/30/2021 | 547 SOL 2000 | WGCFNRL00002623 | 09/30/2021 | 17 | 09/30/2021 | Books like text book referance book | |||||
| Dewey Decimal Classification | Reference | Wondo Genet Library | Wondo Genet Library | General Stacks | 09/30/2021 | 547 SOL 2000 | WGCFNRL00002624 | 09/30/2021 | 18 | 09/30/2021 | Books like text book referance book | |||||
| Dewey Decimal Classification | Reference | Wondo Genet Library | Wondo Genet Library | General Stacks | 09/30/2021 | 547 SOL 2000 | WGCFNRL00002625 | 09/30/2021 | 19 | 09/30/2021 | Books like text book referance book |